000 02345cam a22006254i 4500
003 PE-LiUPU
005 20250731170446.0
008 150706s2006 mx a rb 000 0 spa d
020 _a9682477026
020 _a9789682477027
035 _a(Sirsi) i9789682477027
040 _aPE-LiUPU
_bspa
_cPE-LiUPU
_dPE-LiUPU
_erda
049 _aPRUA
082 0 4 _a155.916
_bT73
_221
100 1 _aTorices Rodarte, Irene,
_eautor.
245 1 3 _aLa sexualidad y discapacidad física /
_cIrene Torices Rodarte.
264 1 _aMéxico :
_bTrillas,
_c2006.
300 _a96 páginas :
_bilustraciones ;
_c23 centímetros
336 _atext
_2rdacontent
337 _aunmediated
_2rdamedia
338 _avolume
_2rdacarrier
504 _aIncluye bibliografía.
505 0 _aMitos y estigmas de la discapacidad y la sexualidad -- Aspectos generales de la discapacidad y recuperación de la sexualidad -- Efectos en la sexualidad por diversas discapacidades -- Valoración de la problemática sexual -- Salud sexual y discapacidad -- Consejería sexual -- Primer auxilio sexual -- La sexualidad de los niños y los adolescentes con discapacidad: su orientación y educación.
526 _aSEG68
526 _aSEG70
526 _aSEG69
526 _aSEG67
526 _aSEG43
526 _aP144
526 _aP143
526 _aP131
526 _aP122
526 _aP120
526 _aP117
526 _aP112
526 _aP110
526 _aP106
526 _aP101
526 _aP80
526 _aP59
526 _aP54
526 _aP35
526 _aP33
526 _aP30
541 _g001-0030486;
650 0 4 _aPersonas con discapacidades
_xConducta sexual.
650 0 4 _aPersonas con discapacidades
_xPsicología.
650 0 4 _aPersonas con discapacidades
_xRehabilitación.
910 _agl
_bjv
_clch
_d20090930
942 _2ddc
_cBOOK
949 _a155.916 T73
_wDEWEY
_c1
_i60403
_lCCODEBUL1
_mBUL
_p11.00
_r0
_sY
_tBOOK
_u2015-7-6
_xSALUD
_PP33
_0COMPRA
_o.STAFF. Colección Ciencias de la Salud
994 _aC0
_bPEPRU
596 _a1
999 _a155.916 T73
_wDEWEY
_c49856
_i60403
_f2021-11-3
_g5
_lCCODEBUL1
_mBUL
_p11.00
_r0
_sY
_tBOOK
_u2015-7-6
_xSALUD
_zP33
_0COMPRA
_o.STAFF. Colección Ciencias de la Salud
_d49856
980 _81
_gALBERTO SANCHEZ Responsable de Automatización